000 00723cam a2200205 4500
001 WB3617-04
008 000000n2000 000 0 eng u
035 _a(Sirsi) u105790
245 _aBuilding success continues unabated
260 _c2000
490 _aBirmingham Post
_v4 May 2000, 25(1)
520 _aA survey by the Chartered Institute of Purchasing and Supply indicates that the construction market is still showing strong growth, with the headline activity index at 61.7% for April.
590 _aWB
650 _aCONSTRUCTION MARKET
650 _aINDICES
650 _aCHARTERED INSTITUTE OF PURCHASING AND SUPPLY
650 _aSURVEYS
690 _aBUILT ENVIRONMENT-CONSTRUCTION MARKET
942 _n0
999 _c63345
_d63345